| 000 | 00999nam a22002657a 4500 | ||
|---|---|---|---|
| 003 | DO-SdBNP | ||
| 005 | 20240229174401.0 | ||
| 007 | ta | ||
| 008 | 210316e2020 oc20grr a 00|10 dspadd | ||
| 020 | _a9789945095517 | ||
| 040 |
_aDO-SdBNP _bspa _cBNPHU |
||
| 082 | 4 |
_a972.9358 _bP438m _222 |
|
| 100 | 1 |
_aPérez Lagombra, Junior _d1964- _978153 |
|
| 245 | 1 | 0 |
_aMemorias de Sosúa / _cJunior Rafael Antonio Pérez Lagombra. |
| 260 |
_aSanto Domingo : _bColumbia, _c2020 |
||
| 300 |
_a125 p. : _bil., fotogr., retrs. ; _c23 cm. |
||
| 500 | _aInspirado en emotivos relatos de Nilvio R. Pérez Lagombra. | ||
| 500 | _aIncluye datos biográficos del autor en la contracubierta. | ||
| 590 | _aInventariado, 2021 /LP | ||
| 651 | 4 |
_aSosúa (República Dominicana) _xHistoria local _945017 |
|
| 651 | 4 |
_aSosúa (República Dominicana) _981294 |
|
| 651 | 4 |
_aSosúa (República Dominicana) _xVida social y costumbres _940374 |
|
| 910 | _aLopérez./Validado. Control de calidad MFF | ||
| 942 |
_2ddc _cLBS1 |
||
| 999 |
_c49587 _d49587 |
||